| 000 -LEADER |
| fixed length control field |
02350cam a2200517 i 4500 |
| 001 - CONTROL NUMBER |
| control field |
21193902 |
| 003 - CONTROL NUMBER IDENTIFIER |
| control field |
OSt |
| 005 - DATE AND TIME OF LATEST TRANSACTION |
| control field |
20230914153411.0 |
| 008 - FIXED-LENGTH DATA ELEMENTS--GENERAL INFORMATION |
| fixed length control field |
190905t20132013enk 000 0 eng d |
| 010 ## - LIBRARY OF CONGRESS CONTROL NUMBER |
| LC control number |
2019297837 |
| 015 ## - NATIONAL BIBLIOGRAPHY NUMBER |
| National bibliography number |
GBB4E9205 |
| Source |
bnb |
| 016 7# - NATIONAL BIBLIOGRAPHIC AGENCY CONTROL NUMBER |
| Record control number |
016594662 |
| Source |
Uk |
| 020 ## - INTERNATIONAL STANDARD BOOK NUMBER |
| International Standard Book Number |
9781848423749 |
| Qualifying information |
(softcover) |
| 035 ## - SYSTEM CONTROL NUMBER |
| System control number |
(OCoLC)ocn871257516 |
| 040 ## - CATALOGING SOURCE |
| Original cataloging agency |
UKWOH |
| Language of cataloging |
eng |
| Transcribing agency |
UKWOH |
| Description conventions |
rda |
| Modifying agency |
YDXCP |
| -- |
OCLCO |
| -- |
ISM |
| -- |
NGU |
| -- |
OCLCF |
| -- |
TJC |
| -- |
IAI |
| -- |
OCL |
| -- |
OCLCO |
| -- |
VP@ |
| -- |
WAU |
| -- |
OCLCO |
| -- |
OCL |
| -- |
OCLCO |
| -- |
KQX |
| -- |
UKMGB |
| -- |
WYU |
| -- |
OCL |
| -- |
DLC |
| -- |
KH8 |
| 042 ## - AUTHENTICATION CODE |
| Authentication code |
lccopycat |
| 082 04 - DEWEY DECIMAL CLASSIFICATION NUMBER |
| Classification number |
822.92 LIN |
| Edition number |
23 |
| 100 1# - MAIN ENTRY--PERSONAL NAME |
| Personal name |
Thorne, Jack, |
| Relator term |
author. |
| 245 10 - TITLE STATEMENT |
| Title |
Let the right one in / |
| Statement of responsibility, etc. |
by John Ajvide Lindqvist ; adapted for the stage by Jack Thorne. |
| 264 #1 - PRODUCTION, PUBLICATION, DISTRIBUTION, MANUFACTURE, AND COPYRIGHT NOTICE |
| Place of production, publication, distribution, manufacture |
[London] : |
| Name of producer, publisher, distributor, manufacturer |
Samuel French, |
| Date of production, publication, distribution, manufacture, or copyright notice |
[2013] |
| 264 #4 - PRODUCTION, PUBLICATION, DISTRIBUTION, MANUFACTURE, AND COPYRIGHT NOTICE |
| Date of production, publication, distribution, manufacture, or copyright notice |
©2013 |
| 300 ## - PHYSICAL DESCRIPTION |
| Extent |
94 pages ; |
| Dimensions |
20 cm |
| 336 ## - CONTENT TYPE |
| Content type term |
text |
| Content type code |
txt |
| Source |
rdacontent |
| 337 ## - MEDIA TYPE |
| Media type term |
unmediated |
| Media type code |
n |
| Source |
rdamedia |
| 338 ## - CARRIER TYPE |
| Carrier type term |
volume |
| Carrier type code |
nc |
| Source |
rdacarrier |
| 520 ## - SUMMARY, ETC. |
| Summary, etc. |
"Oskar is a bullied, lonely, teenage boy living with his mother on a housing estate at the edge of town, when a spate of sinister killings rocks the neighbourhood. Eli is the young girl who has just moved in next door. She doesn't go to school and never leaves the flat by day. Sensing in each other a kindred spirit, the two become devoted friends. What Oskar doesn't know is that Eli has been a teenager for a very long time... Let the Right One In is a dark and visceral coming-of-age vampire love story"--Page 4 of cover. |
| 650 #0 - SUBJECT ADDED ENTRY--TOPICAL TERM |
| Topical term or geographic name entry element |
Boys |
| Form subdivision |
Drama. |
| 650 #0 - SUBJECT ADDED ENTRY--TOPICAL TERM |
| Topical term or geographic name entry element |
Vampires |
| Form subdivision |
Drama. |
| 650 #0 - SUBJECT ADDED ENTRY--TOPICAL TERM |
| Topical term or geographic name entry element |
Coming of age |
| Form subdivision |
Drama. |
| 650 #0 - SUBJECT ADDED ENTRY--TOPICAL TERM |
| Topical term or geographic name entry element |
Revenge |
| Form subdivision |
Drama. |
| 650 #7 - SUBJECT ADDED ENTRY--TOPICAL TERM |
| Topical term or geographic name entry element |
Boys. |
| Source of heading or term |
fast |
| Authority record control number or standard number |
(OCoLC)fst00837358 |
| 650 #7 - SUBJECT ADDED ENTRY--TOPICAL TERM |
| Topical term or geographic name entry element |
Coming of age. |
| Source of heading or term |
fast |
| Authority record control number or standard number |
(OCoLC)fst01763769 |
| 650 #7 - SUBJECT ADDED ENTRY--TOPICAL TERM |
| Topical term or geographic name entry element |
Revenge. |
| Source of heading or term |
fast |
| Authority record control number or standard number |
(OCoLC)fst01096476 |
| 650 #7 - SUBJECT ADDED ENTRY--TOPICAL TERM |
| Topical term or geographic name entry element |
Vampires. |
| Source of heading or term |
fast |
| Authority record control number or standard number |
(OCoLC)fst01163968 |
| 655 #7 - INDEX TERM--GENRE/FORM |
| Genre/form data or focus term |
Vampire drama. |
| Source of term |
fast |
| Authority record control number or standard number |
(OCoLC)fst02002538 |
| 655 #7 - INDEX TERM--GENRE/FORM |
| Genre/form data or focus term |
Theatrical adaptations. |
| Source of term |
fast |
| Authority record control number or standard number |
(OCoLC)fst01939796 |
| 655 #7 - INDEX TERM--GENRE/FORM |
| Genre/form data or focus term |
Coming-of-age drama. |
| Source of term |
fast |
| Authority record control number or standard number |
(OCoLC)fst01941314 |
| 655 #7 - INDEX TERM--GENRE/FORM |
| Genre/form data or focus term |
Adaptations. |
| Source of term |
fast |
| Authority record control number or standard number |
(OCoLC)fst01423910 |
| 655 #7 - INDEX TERM--GENRE/FORM |
| Genre/form data or focus term |
Drama. |
| Source of term |
fast |
| Authority record control number or standard number |
(OCoLC)fst01423879 |
| 655 #7 - INDEX TERM--GENRE/FORM |
| Genre/form data or focus term |
Theatrical adaptations. |
| Source of term |
lcgft |
| 655 #7 - INDEX TERM--GENRE/FORM |
| Genre/form data or focus term |
Coming-of-age drama. |
| Source of term |
lcgft |
| 655 #7 - INDEX TERM--GENRE/FORM |
| Genre/form data or focus term |
Vampire drama. |
| Source of term |
lcgft |
| 700 1# - ADDED ENTRY--PERSONAL NAME |
| Personal name |
Ajvide Lindqvist, John, |
| Dates associated with a name |
1968- |
| 730 0# - ADDED ENTRY--UNIFORM TITLE |
| Uniform title |
Låt den rätte komma in (Motion picture) |
| 942 ## - ADDED ENTRY ELEMENTS (KOHA) |
| Source of classification or shelving scheme |
|
| Koha item type |
Teaching Resources |